| 000 | 00420nam a22001697a 4500 | ||
|---|---|---|---|
| 003 | OSt | ||
| 008 | 260511b |||||||| |||| 00| 0 eng d | ||
| 082 |
_a633.18 _bS48T |
||
| 100 | _aSingh, Satya Narayan | ||
| 245 | _aIntegrated Weed Management in Rice (Oryza Sativa L.) | ||
| 260 |
_aPusa, Samastipur _bRAU _c1984 |
||
| 300 | _a63P. | ||
| 502 |
_bMsc. _d1984 |
||
| 650 | _aAgronomy | ||
| 650 | _aMsc. | ||
| 942 |
_2ddc _cT |
||
| 999 |
_c50534 _d50534 |
||